000 00723nam a22002417a 4500
003 UA-OsUOA
001 27812
007 ta
008 20040914b un ||||| |||| 00| 0 ukr d
090 _a792(477)(091)
_bУ41
942 _cBK
040 _aUA-OsUOA
_bukr
_cUA-OsUOA
_dUA-OsUOA
245 _aУкраїнський драматичний театр
_bРадянський період
_cРед. М. Т.Рильський
300 _a648 с.
_bІлюстрації
955 _a0
041 _aukr
080 _a792(477)(091)
260 _aКиїв
_bВидавництво Академії наук Української РСР
_c1959
246 3 1 _aТ. 2
_n
044 _aUA
650 7 _2UDC
999 _c314164
_d314164